Yo solo : (Record no. 8289)

MARC details
000 -LEADER
campo de control de longitud fija 01090nam a2200313 i 4500
001 - NÚMERO DE CONTROL
campo de control 8289
003 - IDENTIFICADOR DE NÚMERO DE CONTROL
campo de control ES-MaACL
005 - FECHA Y HORA DE LA ÚLTIMA TRANSACCIÓN
campo de control 20250728182810.0
007 - CAMPO FIJO DE DESCRIPCIÓN FÍSICA--INFORMACIÓN GENERAL
campo de control de longitud fija t|
008 - DATOS DE LONGITUD FIJA--INFORMACIÓN GENERAL
campo de control de longitud fija 920429s1986 sp a |||| |bspa d
020 ## - NÚMERO INTERNACIONAL ESTÁNDAR DEL LIBRO
Número Internacional Estándar del Libro 84-7628-012-2
020 ## - NÚMERO INTERNACIONAL ESTÁNDAR DEL LIBRO
Número Internacional Estándar del Libro 84-7232-391-9
080 ## - NÚMERO DE LA CLASIFICACIÓN DECIMAL UNIVERSAL
Número de la Clasificación Decimal Universal 929 Gálvez, Bernardo de
080 ## - NÚMERO DE LA CLASIFICACIÓN DECIMAL UNIVERSAL
Número de la Clasificación Decimal Universal 355.49(46)"1781"
080 ## - NÚMERO DE LA CLASIFICACIÓN DECIMAL UNIVERSAL
Número de la Clasificación Decimal Universal 355.494 Gálvez
100 1# - ENTRADA PRINCIPAL--NOMBRE DE PERSONA
Nombre de persona Reparaz, Carmen de.
9 (RLIN) 96256
245 10 - MENCIÓN DEL TÍTULO
Título Yo solo :
Resto del título Bernardo Gálvez y la toma de Panzacola en 1781 : una contribución española a la independencia de los Estados Unidos /
Mención de responsabilidad, etc. Carmen de Reparaz.
250 ## - MENCION DE EDICION
Mención de edición 1ª ed.
260 ## - PUBLICACIÓN, DISTRIBUCIÓN, ETC.
Lugar de publicación, distribución, etc. Barcelona :
Nombre del editor, distribuidor, etc. Serbal ;
Lugar de publicación, distribución, etc. Madrid :
Nombre del editor, distribuidor, etc. ICI,
Fecha de publicación, distribución, etc. 1986.
300 ## - DESCRIPCIÓN FÍSICA
Extensión 272 p. :
Otras características físicas il. col. y n. ;
Dimensiones 26 cm.
490 1# - MENCIÓN DE SERIE
Mención de serie Libros del buen andar
600 17 - PUNTO DE ACCESO ADICIONAL DE MATERIA--NOMBRE DE PERSONA
Nombre de persona Gálvez, Bernardo de,
Títulos y otros términos asociados al nombre Conde de,
Fechas asociadas al nombre 1746-1786
Fuente del encabezamiento o término
9 (RLIN) 164803
651 #4 - PUNTO DE ACCESO ADICIONAL DE MATERIA--NOMBRE GEOGRÁFICO
Nombre geográfico Pensacola-
Subdivisión general Historia-
Subdivisión cronológica 1781, Sitio.
9 (RLIN) 171501
710 2# - ENTRADA AGREGADA--NOMBRE DE ENTIDAD CORPORATIVA
Nombre de entidad corporativa o nombre de jurisdicción como elemento de entrada Instituto de Cooperación Iberoamericana.
9 (RLIN) 4848
830 1# - PUNTO DE ACCESO ADICIONAL DE SERIE-TÍTULO UNIFORME
Título uniforme Libros del buen andar
9 (RLIN) 177977
852 ## - LOCALIZACIÓN
Ubicación ES-MaACL
Número de control de estantería L-15670
852 ## - LOCALIZACIÓN
Ubicación ES-MaACL
Número de control de estantería L-15671
Holdings
Estatus retirado Estado de pérdida Estado de daño No para préstamo Biblioteca de origen Biblioteca actual Ubicación en estantería Fecha de adquisición Fuente de adquisición Total de préstamos Signatura topográfica completa Código de barras Visto por última vez Precio de reemplazo Tipo de ítem Koha
        Biblioteca del Ateneo de Madrid Biblioteca del Ateneo de Madrid Depósito 2 17/01/2008     L-15671 1008461 23/02/2023 23/02/2023 Libro impreso
        Biblioteca del Ateneo de Madrid Biblioteca del Ateneo de Madrid Depósito 2 17/01/2008     L-15670 1008460 23/02/2023 23/02/2023 Libro impreso